000 00285nam a2200121 a 4500
008 101022s1965|||| d
100 1 _aLozgačov-Jelizarov, G.J.
245 1 0 _aNa to sa nezabúda
260 _bVPL
_aBratislava
_c1965
020 _c14
041 _aslo
044 _axo
_cSK
999 _c12019
_d12019